000 00568nab a2200181 4500
001 244442
003 OSt
005 20250108101412.0
007 tu
008 200917s2020|||||||
040 _aDE-2950
_cDE-2950
245 0 0 _aNeue Wohnungen in Slubice
_bImmobilien. Im Norden der Nachbarstadt sind Hunderte Wohnungen entstanden - weitere werden gerade gebaut/
_cMarlena Dumin, Thomas Gutke
264 _c2024
653 _aSlubice
653 _aWohnungsbau
773 0 _g36. Jahrgang (2025) Nr. 3 vom 4.1.2025, S. 17 mit Foto
_tMärkische Oderzeitung
942 _2z
_cA
999 _c373542
_d373542